| 000 | 00966 a2200241 4500 | ||
|---|---|---|---|
| 005 | 20260327153747.0 | ||
| 008 | 260327b |||||||| |||| 00| 0 eng d | ||
| 020 | _a9789360625931 (hbk) | ||
| 037 | _cTB | ||
| 040 |
_aCRL _cCRL |
||
| 041 |
_2HIN _aHIN |
||
| 084 |
_aO168,1(P,3) 152R5 _bCRL |
||
| 100 |
_aआर्य, अरुण कुमार _91115740 |
||
| 245 | _aशायरी का ज्ञान | ||
| 260 |
_aनई दिल्ली, भारत: _bएजुकेशनल पब्लिशिंग हाउस, _c2025. |
||
| 300 | _a570p. | ||
| 365 |
_b600.00 _cINR |
||
| 650 | _aउर्दू साहित्य | ||
| 650 |
_aभाषा विज्ञान-शब्द _91231996 |
||
| 650 | _aउर्दू कविता | ||
| 942 |
_cTB _2CC _hO168,1(P,3) 152R5 |
||
| 999 |
_c1679631 _d1679631 |
||